南京地铁S7号线 Nanjing Metro Line S7 - Statistics

General Stats
  • This quiz has been taken 8 times
  • The average score is 6 of 9
Answer Stats
换乘线路 站名 % Correct
S1 空港新城江宁
100%
空港新城溧水
86%
无想山
86%
群力
71%
柘塘
57%
溧水
57%
卧龙湖
43%
中山湖
43%
幸庄
43%
No matching quizzes found
Score Distribution
Percent of People with Each Score
Percentile by Number Answered
Your Score History
You have not taken this quiz